Moon - Renee Rapp (All Lyrics) - Statistics

General Stats
  • This quiz has been taken 10 times
  • The average score is 292 of 321
Answer Stats
Lyrics % Correct
alive
100%
All
100%
and
100%
And
100%
at
100%
be
100%
But
100%
can
100%
dead
100%
eyes
100%
feel
100%
for
100%
How
100%
I
100%
in
100%
In
100%
lookin'
100%
make
100%
me
100%
miss
100%
moon
100%
place
100%
same
100%
see
100%
stars,
100%
stars
100%
the
100%
to
100%
too
100%
we
100%
we're
100%
when
100%
you
100%
your
100%
back
86%
'Cause
86%
'cause
86%
dancin'
86%
different
86%
don't
86%
got
86%
half
86%
if
86%
I'm
86%
kissin'
86%
knew
86%
know
86%
lights
86%
moment
86%
my
86%
now
86%
Now
86%
off
86%
on
86%
one
86%
Only
86%
(Ooh
86%
ooh,
86%
ooh
86%
ooh)
86%
persistent
86%
room
86%
shit's
86%
space
86%
split
86%
still
86%
that
86%
this
86%
This
86%
'Til
86%
time
86%
two
86%
views
86%
Wonder
86%
world
86%
demons
71%
existing
71%
flip
71%
ghost
71%
Going
71%
hurt
71%
hurts
71%
it
71%
just
71%
leavin'
71%
like
71%
movin'
71%
not
71%
out
71%
sleepin'
71%
somewhere
71%
talkin'
71%
there
71%
they
71%
they're
71%
with
71%
you're
71%
Are
57%
healin'
57%
hope
57%
left
57%
lonely?
57%
mine,
57%
quick?
57%
slowly
57%
nights,
29%
etes
0%
No matching quizzes found
Score Distribution
Percent of People with Each Score
Percentile by Number Answered
Your Score History
You have not taken this quiz